003730000a2200097000450024501200000004100140012070000290013470000200016310000270018377300650021010aUtilización del tiempo y patrones de actividad de Callicebus cupreus (Primates: Cebidae) en la Macarena, Colombia0 aEspañol1 aGarcía, José Enrique1 aCadena, Alberto1 aPolanco Ochoa, Rocío1 tTrianeakActa Científica y Tecnológicah5q305-322d1994